Central Library OPAC University of Rajshahi

Anthropology : (Record no. 72457)

MARC details
000 -LEADER
fixed length control field 00765nam a2200253 a 4500
001 - CONTROL NUMBER
control field 72457
003 - CONTROL NUMBER IDENTIFIER
rucl marc code BD-RjUL
005 - DATE AND TIME OF LATEST TRANSACTION
control field 20211209082249.0
008 - FIXED-LENGTH DATA ELEMENTS--GENERAL INFORMATION
fixed length control field 170518s1963 nmua b 001 0 eng
035 ## - SYSTEM CONTROL NUMBER
System control number (BD-RjUL)72675
040 ## - CATALOGING SOURCE
Original cataloging agency DLC
Language of cataloging eng
Transcribing agency DLC
Modifying agency BD-RjUL
041 ## - LANGUAGE CODE
Language code of text/sound track or separate title eng
082 00 - DEWEY DECIMAL CLASSIFICATION NUMBER
Classification number 301
Edition number 23
Author mark and year KRA 1963
100 1# - MAIN ENTRY--PERSONAL NAME
Personal name Kroeber, A. L.
9 (RLIN) 214294
245 00 - TITLE STATEMENT
Title Anthropology :
Remainder of title biology and race /
Statement of responsibility, etc. A. L. Kroeber
260 ## - PUBLICATION, DISTRIBUTION, ETC. (IMPRINT)
Place of publication, distribution, etc. Santa Fe :
Name of publisher, distributor, etc. School for Advanced Research Press,
Date of publication, distribution, etc. c2013.
300 ## - PHYSICAL DESCRIPTION
Pagination xx, 198 p. :
Illustrations ill. ;
Size 23 cm.
504 ## - BIBLIOGRAPHY, ETC. NOTE
Bibliography, etc Includes bibliographical references and index.
650 #0 - SUBJECT ADDED ENTRY--TOPICAL TERM
Topical term or geographic name as entry element Anthropology
9 (RLIN) 214295
Topical term or geographic name as entry element Human population genetics.
9 (RLIN) 214296
Topical term or geographic name as entry element Race.
9 (RLIN) 214297
Topical term or geographic name as entry element Human genome.
9 (RLIN) 214298
942 ## - ADDED ENTRY ELEMENTS (KOHA)
Source of classification or shelving scheme Dewey Decimal Classification
Koha item type Books
Holdings
Lost status Source of classification or shelving scheme Damaged status Not for loan Collection code Permanent Location Current Location Shelving location Date acquired Source of acquisition Cost, normal purchase price Total Checkouts Full call number Date last seen Copy number Koha item type
  Dewey Decimal Classification   Not For Loan Non-fiction Central Library, University of Rajshahi Central Library, University of Rajshahi Reading Room 26/10/1964 Mirjabook 4.75   301 KRA 1963 18/05/2017 C-1 Books